| 000 | 00687nam a22001815i 4500 | ||
|---|---|---|---|
| 001 | 156419 | ||
| 003 | ES-MaACL | ||
| 005 | 20230906210414.0 | ||
| 008 | 030203s1864 po |||| | por d | ||
| 040 |
_aCCPB | B _bspa _cCCPB | B |
||
| 100 | 1 |
_aJordão, Abel Maria Dias. _9128349 |
|
| 245 | 1 | 0 |
_aEstudos sobre a diabete / _cpor Abel Jordão. |
| 260 |
_aLisboa : _b[s.n.], _c1864 ( _fTypographia da Academia) |
||
| 300 |
_a[4], 200 p. ; _c25 cm. |
||
| 650 | 4 |
_aDiabetes. _9135922 |
|
| 752 |
_aPortugal - _dLisboa |
||
| 852 |
_aES-MaACL _jG-6770 _z-- Enc. pasta española _z-- Enc. 2 t. en 1 v. _x-- Edic.: son 2 t. ([4], 200 ; [4], 84, [2] p.) : il. -- El T. II. tiene fecha, 1869 e il. |
||
| 999 |
_c156419 _d156419 |
||